Development of Information Technologies and their Impact ib the Labor Markets

Vývoj nových technológií a ich vplyv na trh práce. Ovplyvňovanie nezamestnanosti a zamestnanosti, ktoré riešia zamestnanci a ich zamestnávatelia. Priemysel 4.0, ktorý má čoraz väčší vplyv na trh práce a na jednotlivé subjekty trhu práce.

Guardado en:
Detalles Bibliográficos
Autor principal: Mayerová, Kamila
Otros Autores: Hyžová, Simona
Formato: Capítulo de libro
Lenguaje:inglés
Materias:
Etiquetas: Agregar Etiqueta
Sin Etiquetas, Sea el primero en etiquetar este registro!

MARC

LEADER 00000naa a2200000 4500
001 0262425
005 20200218124253.9
041 0 |a eng 
044 |a SK 
245 1 0 |a Development of Information Technologies and their Impact ib the Labor Markets  |c Kamila Mayerová, Simona Hyžová 
520 |a Vývoj nových technológií a ich vplyv na trh práce. Ovplyvňovanie nezamestnanosti a zamestnanosti, ktoré riešia zamestnanci a ich zamestnávatelia. Priemysel 4.0, ktorý má čoraz väčší vplyv na trh práce a na jednotlivé subjekty trhu práce. 
610 2 0 |a priemysel 4.0 
610 2 0 |a technológie informačné 
610 2 0 |a trh práce 
610 2 0 |a zamestnanosť 
610 2 0 |a mzdy 
100 1 |a Mayerová, Kamila 
700 1 |a Hyžová, Simona